Celebrity Name Mash-ups #3 - Statistics

General Stats
  • This quiz has been taken 70 times
  • The average score is 14 of 52
Answer Stats
Mash-up Name Original Celebrities % Correct
Beyvis Beyoncé
81%
Opie Winwood Oprah Winfrey
81%
Jeddi Merdrix Jimi Hendrix
78%
Frefia Vergaire Sofia Vergara
69%
Jaggy Azoa Iggy Azalea
66%
Joetha Franix Aretha Franklin
64%
Driana Sconde Ariana Grande
58%
Beyvis Elvis
58%
Charah Jace Parketz Sarah Jessica Parker
56%
Chadi Bosee Chadwick Boseman
53%
Adiano Sanaldo Cristiano Ronaldo
49%
Adane Lynine Adam Levine
42%
Don Don Kivi Jon Bon Jovi
39%
Maris Twileton Mark Twain
39%
Miabeth Mockson Michael Jackson
34%
Joll Gawa Jojo Siwa
32%
Adiano Sanaldo Adam Sandler
31%
Dolorgy Takton Dolly Parton
27%
Jennick Lan Heyke Jennifer Love Hewitt
25%
Jonsen Ackamel Jensen Ackles
25%
Abby Driyan Debby Ryan
24%
Jennick Lan Heyke Dick Van Dyke
22%
Jeddi Merdrix Freddie Mercury
22%
Joetha Franix Joaquin Phoenix
22%
Nicomi Caka Naomi Osaka
22%
Rebia LaSon Shia LaBeouf
22%
Charah Jace Parketz Chloë Grace Moretz
20%
Frefia Vergaire Fred Astaire
19%
Rebia LaSon Rebel Wilson
19%
Jaggy Azoa Jason Momoa
17%
Nicomi Caka Nicolas Cage
17%
Andery Coyles Anderson Cooper
15%
Boa Odeipa Dua Lipa
15%
Abby Driyan Adam Driver
14%
Don Don Kivi Daniel Dae Kim
14%
Jonsen Ackamel Josh Duhamel
12%
Joll Gawa Bill Gates
10%
Ames Corose Amber Rose
8%
Boa Odeipa Bob Odenkirk
8%
Misteron Boyland Cameron Boyce
8%
Opie Winwood Carrie Underwood
8%
Ames Corose James Cordon
8%
Adane Lynine Jane Lynch
8%
Chadi Bosee Suni Lee
8%
Miabeth Mockson Elisabeth Moss
7%
Dolorgy Takton George Takei
7%
Andery Coyles Harry Styles
7%
Marek Ziugh Derek Hough
5%
Marek Ziugh Maddie Ziegler
5%
Misteron Boyland Misty Copeland
5%
Maris Twileton Chris Stapleton
3%
Driana Sconde Drew Scott
3%
No matching quizzes found
Score Distribution
Percent of People with Each Score
Percentile by Number Answered
Your Score History
You have not taken this quiz